UBT Library

A complete guide to the language of lighting. (Record no. 47346)

000 -LEADER
fixed length control field 00545pam a2200217 a 4500
001 - CONTROL NUMBER
control field 1389580
005 - DATE AND TIME OF LATEST TRANSACTION
control field 20180827073720.0
008 - FIXED-LENGTH DATA ELEMENTS--GENERAL INFORMATION
fixed length control field 821222s1983 ilua 001 0 eng
010 ## - LIBRARY OF CONGRESS CONTROL NUMBER
LC control number 82024964
020 ## - INTERNATIONAL STANDARD BOOK NUMBER
International Standard Book Number 0835926257 :
Terms of availability $22.95
040 ## - CATALOGING SOURCE
Original cataloging agency DLC
Transcribing agency DLC
Modifying agency DLC
041 ## - LANGUAGE CODE
Language code of text/sound track or separate title eng
080 ## - UNIVERSAL DECIMAL CLASSIFICATION NUMBER
Universal Decimal Classification number 621.322
082 00 - DEWEY DECIMAL CLASSIFICATION NUMBER
Classification number 621.322
Edition number 19
100 ## - Rafti
Rafti 26
101 ## - Shkurtesa
Shkurtesa eng
245 12 - TITLE STATEMENT
Title A complete guide to the language of lighting.
740 0# - ADDED ENTRY--UNCONTROLLED RELATED/ANALYTICAL TITLE
Uncontrolled related/analytical title Language of lighting.
906 ## - LOCAL DATA ELEMENT F, LDF (RLIN)
a 7
b cbc
c orignew
d 1
e ocip
f 19
g y-gencatlg
942 ## - ADDED ENTRY ELEMENTS (KOHA)
Source of classification or shelving scheme
Item type Books
Holdings
Withdrawn status Lost status Source of classification or shelving scheme Damaged status Not for loan Collection code Permanent location Current location Shelving location Date acquired Total Checkouts Full call number Barcode Date last seen Price effective from Koha item type
          Koleksioni i përgjithshem UBT - Lipjan UBT - Lipjan Koleksioni i përgjithshem 08/27/2018   621.322 RHI 002-3011500 08/27/2018 08/27/2018 Books
UBT Library © 2015-2024. All rights reserved University Education for Business and Technology